[Event "Ostsjaellands EMT 2006"]
[Site "Faxe"]
[Date "2006.03.15"]
[Round "1"]
[White "Lillebro, Verner"]
[Black "Eckert, Svend"]
[Result "0-1"]
[WhiteElo "1226"]
[BlackElo "1568"]
[PlyCount "54"]
[EventDate "2006.??.??"]

1. e4 c6 2. d4 d5 3. Nc3 dxe4 4. Nxe4 h6 5. Nf3 Bf5 6. Bd3 Bg4 7. c3 e6 8. O-O
Nf6 9. Bf4 Nbd7 10. Re1 Nxe4 11. Bxe4 Nf6 12. Bd3 Bd6 13. Bxd6 Qxd6 14. Be2 O-O
15. Ne5 Bf5 16. Bd3 Bh7 17. Bxh7+ Nxh7 18. Qd2 c5 19. Re4 Qd5 20. Rae1 Nf6 21.
c4 Nxe4 22. Qe3 Qxd4 23. Qxe4 Qxe4 24. Rxe4 Rad8 25. Nf3 Rd1+ 26. Re1 Rxe1+ 27.
Nxe1 Rd8 0-1

[Event "Ostsjaellands EMT 2006"]
[Site "Faxe"]
[Date "2006.03.15"]
[Round "1"]
[White "Hansen, Knud"]
[Black "Nielsen, Poul Erik2"]
[Result "1-0"]
[WhiteElo "1650"]
[BlackElo "1241"]
[PlyCount "71"]
[EventDate "2006.??.??"]

1. e4 c5 2. d3 g6 3. Nf3 Bg7 4. Be2 Nc6 5. c3 d6 6. h3 Nf6 7. O-O O-O 8. Nbd2
a6 9. Nc4 b5 10. Ne3 Bb7 11. Qc2 Rc8 12. Nd5 e6 13. Nxf6+ Bxf6 14. Bh6 Re8 15.
Bf4 b4 16. Rad1 Qc7 17. Rfe1 Red8 18. Qc1 bxc3 19. bxc3 Qa5 20. Bg5 Bxc3 21.
Bxd8 Rxd8 22. Rf1 Bg7 23. Qb1 Nb4 24. Nd2 d5 25. Nb3 Qc7 26. a3 Nc6 27. exd5
Rxd5 28. Bf3 Rg5 29. Nd2 Nd4 30. Qxb7 Nxf3+ 31. Qxf3 Rf5 32. Qa8+ Bf8 33. Qxa6
Bg7 34. Rb1 Bd4 35. Nf3 Rxf3 36. Qa8+ 1-0

[Event "Ostsjaellands EMT 2006"]
[Site "Faxe"]
[Date "2006.03.15"]
[Round "1"]
[White "Toftvang, Ove"]
[Black "Sorensen, Soren"]
[Result "1/2-1/2"]
[WhiteElo "1257"]
[BlackElo "1736"]
[PlyCount "61"]
[EventDate "2006.??.??"]

1. e4 c5 2. Nf3 Nc6 3. Bc4 d6 4. d3 Nf6 5. O-O e6 6. a3 Be7 7. Nc3 a6 8. Ba2 b5
9. Ne2 Bb7 10. Ng3 Qc7 11. c3 d5 12. Bb1 O-O 13. Re1 dxe4 14. dxe4 Rfd8 15. Qe2
Na5 16. Nd2 Rd7 17. b4 cxb4 18. axb4 Qxc3 19. Rxa5 Bxb4 20. Ra2 Rad8 21. Rc2
Qa1 22. Bb2 Qa5 23. Nb3 Qb6 24. Bxf6 gxf6 25. Qg4+ Kf8 26. Nh5 Bxe1 27. Qg7+
Ke8 28. Qh8+ Ke7 29. Qxf6+ Kf8 30. Qg7+ Ke8 31. Qh8+ 1/2-1/2

[Event "Ostsjaellands EMT 2006"]
[Site "Faxe"]
[Date "2006.03.15"]
[Round "1"]
[White "Pedersen, Bjarne G W"]
[Black "Andersen, Hans Poul"]
[Result "0-1"]
[WhiteElo "1072"]
[BlackElo "1419"]
[PlyCount "62"]
[EventDate "2006.??.??"]

1. d4 d5 2. Nf3 Nc6 3. c4 e6 4. Nc3 dxc4 5. e3 Bb4 6. Bxc4 Bxc3+ 7. bxc3 Nf6 8.
Ba3 h6 9. O-O a6 10. Qc2 b5 11. Bd3 Bb7 12. e4 Ne7 13. Rad1 O-O 14. c4 Bc6 15.
Ne5 Re8 16. Nxc6 Nxc6 17. e5 Nxd4 18. Qc3 Nh5 19. cxb5 Nf4 20. Rfe1 Qg5 21. Bf1
Nxb5 22. Qf3 Nxa3 23. Qxa3 a5 24. Qe3 Red8 25. Rxd8+ Rxd8 26. g3 Nd5 27. Qd4
Nb4 28. Qc4 c6 29. a3 Qd2 30. Rc1 Nd3 31. Rc3 Qxf2+ 0-1

[Event "Ostsjaellands EMT 2006"]
[Site "Faxe"]
[Date "2006.03.15"]
[Round "1"]
[White "Eriksen, Keld"]
[Black "Voigt, Keld"]
[Result "1-0"]
[WhiteElo "1742"]
[BlackElo "1305"]
[PlyCount "72"]
[EventDate "2006.??.??"]

1. e4 e5 2. d4 exd4 3. Nf3 Bb4+ 4. c3 dxc3 5. bxc3 Ba5 6. Bc4 Nc6 7. Qb3 Qf6 8.
O-O Nh6 9. Bb2 d6 10. Nbd2 Bb6 11. Bb5 Bd7 12. c4 Qg6 13. g3 Na5 14. Bxd7+ Kxd7
15. Qc3 f6 16. c5 dxc5 17. e5 Rae8 18. exf6 gxf6 19. Rad1 Kc8 20. Nh4 Qf7 21.
Qf3 Rhg8 22. Ne4 f5 23. Nf6 Qxa2 24. Nxg8 Rxg8 25. Bc1 Qc4 26. Bxh6 Qxh4 27.
Qxf5+ Kb8 28. Qxh7 Qg4 29. Bf4 Nc6 30. Rfe1 Nd4 31. Rd3 c4 32. Rde3 a6 33.
Qxg8+ Qxg8 34. Re8+ Qxe8 35. Rxe8+ Ka7 36. h4 Ne2+ 1-0

[Event "Ostsjaellands EMT 2006"]
[Site "Faxe"]
[Date "2006.03.15"]
[Round "1"]
[White "Hansen, Egon"]
[Black "Nesheim, Erik"]
[Result "1-0"]
[WhiteElo "1541"]
[BlackElo "1223"]
[PlyCount "69"]
[EventDate "2006.??.??"]

1. e4 b6 2. d4 e6 3. Nf3 d6 4. Nc3 Bb7 5. Bd3 h6 6. O-O Nd7 7. Bf4 a6 8. Bg3
Ne7 9. Re1 g5 10. Nd2 Ng6 11. e5 d5 12. Qh5 Rg8 13. Rf1 Qe7 14. a3 Nf4 15. Bxf4
gxf4 16. Nf3 O-O-O 17. Ne2 f6 18. Nxf4 fxe5 19. Nxe5 Rg5 20. Qe2 Nb8 21. Nf3
Rg8 22. Rfe1 Qg7 23. Qxe6+ Rd7 24. g3 Bd6 25. Ne5 Bxe5 26. Qxe5 Qf7 27. Bf5 Nc6
28. Bxd7+ Kxd7 29. Qe3 Ne7 30. Nd3 Qf6 31. c3 Nf5 32. Qf4 h5 33. Re5 Rg5 34. h4
Rxg3+ 35. fxg3 1-0

[Event "Ostsjaellands EMT 2006"]
[Site "Faxe"]
[Date "2006.03.15"]
[Round "1"]
[White "Refsgaard, Kaj"]
[Black "Hansen, Arne Mandrup"]
[Result "1-0"]
[WhiteElo "1785"]
[BlackElo "1371"]
[PlyCount "59"]
[EventDate "2006.??.??"]

1. d4 Nf6 2. Bg5 d5 3. Bxf6 exf6 4. Nf3 Bf5 5. e3 c6 6. Be2 Bd6 7. O-O O-O 8.
Nbd2 Nd7 9. c4 dxc4 10. Nxc4 Bc7 11. Rc1 Nb6 12. Qb3 Be6 13. Qc2 g6 14. Rfd1 f5
15. Nxb6 axb6 16. a3 Bd5 17. Nd2 Qh4 18. g3 Qh3 19. Bf3 Bxf3 20. Nxf3 Bd8 21.
d5 c5 22. Qb3 Qg4 23. Kg2 f6 24. d6+ Kg7 25. Rc4 f4 26. Rxf4 Qd7 27. Qd3 Qf7
28. Re4 Qa2 29. Qd5 Rb8 30. Qxa2 1-0

[Event "Ostsjaellands EMT 2006"]
[Site "Faxe"]
[Date "2006.03.15"]
[Round "1"]
[White "Christoffersen, Per"]
[Black "Eriksen, Knud Ejler"]
[Result "0-1"]
[WhiteElo "1511"]
[BlackElo "1142"]
[PlyCount "72"]
[EventDate "2006.??.??"]

1. d4 Nf6 2. Nf3 d5 3. Bf4 Bf5 4. e3 e6 5. Bd3 Bxd3 6. Qxd3 Bd6 7. Bg3 Nc6 8.
Nbd2 Qe7 9. O-O O-O 10. Ne5 Qe8 11. f4 Nd7 12. Qb5 Nb6 13. c3 a6 14. Qe2 f6 15.
Nxc6 Qxc6 16. Rf3 f5 17. Bf2 Qe8 18. Rh3 Nd7 19. Bh4 c5 20. Qf3 Nf6 21. Bxf6
Rxf6 22. Nf1 c4 23. Ng3 Rg6 24. Qh5 h6 25. Ne2 b5 26. Rg3 Rxg3 27. Qxe8+ Rxe8
28. Nxg3 g6 29. Kf2 Kg7 30. Ne2 a5 31. a3 Kf6 32. b4 cxb3 33. a4 bxa4 34. c4 b2
35. Rb1 a3 36. Nc3 dxc4 0-1

[Event "Ostsjaellands EMT 2006"]
[Site "Faxe"]
[Date "2006.03.15"]
[Round "1"]
[White "Christensen, Torben"]
[Black "Andersen, Bjarne Hjorth"]
[Result "0-1"]
[WhiteElo "1333"]
[BlackElo "1783"]
[PlyCount "102"]
[EventDate "2006.??.??"]

1. d4 Nf6 2. c4 g6 3. Nf3 Bg7 4. Nc3 d5 5. cxd5 Nxd5 6. e4 Nxc3 7. bxc3 O-O 8.
e5 c5 9. Bc4 cxd4 10. cxd4 Bg4 11. Bb2 Nc6 12. O-O Bxf3 13. gxf3 e6 14. f4 Qh4
15. Qf3 Bh6 16. Qg3 Qxf4 17. Qxf4 Bxf4 18. h4 Rfd8 19. Rad1 Rac8 20. a3 Nxd4
21. Rxd4 Rxd4 22. Bxd4 Rxc4 23. Bxa7 Bxe5 24. h5 Bb2 25. Be3 Rg4+ 26. Kh2 Rh4+
27. Kg3 Rxh5 28. Rd1 Rd5 29. Rb1 Bxa3 30. Rxb7 h5 31. Ra7 Bc5 32. Ra8+ Kg7 33.
Bc1 Be7 34. f3 g5 35. Ra2 Kg6 36. Ra8 Bf6 37. Rg8+ Kf5 38. Rf8 Be5+ 39. Kg2 f6
40. Rh8 Rd1 41. Be3 h4 42. Re8 Rd3 43. Bc1 Rc3 44. Bxg5 fxg5 45. Rf8+ Bf6 46.
Kf2 Rc2+ 47. Kg1 h3 48. Kh1 Kg6 49. Re8 Be5 50. Rxe6+ Kf5 51. Rh6 Rc1# 0-1

[Event "Ostsjaellands EMT 2006"]
[Site "Faxe"]
[Date "2006.03.15"]
[Round "1"]
[White "Jepsen, Finn"]
[Black "Wehlast, Svend Erik"]
[Result "0-1"]
[WhiteElo "1200"]
[BlackElo "1516"]
[PlyCount "93"]
[EventDate "2006.??.??"]

1. c4 e6 2. Nc3 d5 3. d4 h6 4. Nf3 a6 5. a3 dxc4 6. e4 b5 7. Be2 Bb7 8. O-O Nf6
9. e5 Nd5 10. Nxd5 Bxd5 11. Ne1 Nd7 12. Nc2 c6 13. Ne3 b4 14. Nxd5 cxd5 15.
axb4 Bxb4 16. b3 c3 17. Rxa6 Rxa6 18. Bxa6 O-O 19. Bd3 Qe7 20. f4 f5 21. Be3
Ra8 22. Qc2 Nf8 23. Bb5 Nd7 24. Ba4 Nb6 25. Ra1 Nxa4 26. Rxa4 Ra5 27. Qa2 Rxa4
28. bxa4 Qc7 29. Qc2 Qb6 30. Qb3 Kf7 31. h4 Kg6 32. Kf2 h5 33. Kf3 Qa5 34. Bc1
Qa6 35. Qc2 Qf1+ 36. Kg3 Qe1+ 37. Kf3 Qf1+ 38. Kg3 Qc4 39. Be3 Ba5 40. Qb1 Qe2
41. Qb8 Qxe3+ 42. Kh2 Qxf4+ 43. Kg1 Qxd4+ 44. Kh2 Qxa4 45. Qc8 Qxh4+ 46. Kg1
Bb6+ 47. Kf1 0-1

[Event "Ostsjaellands EMT 2006"]
[Site "Faxe"]
[Date "2006.03.21"]
[Round "2"]
[White "Hansen, Egon"]
[Black "Refsgaard, Kaj"]
[Result "0-1"]
[WhiteElo "1541"]
[BlackElo "1785"]
[PlyCount "83"]
[EventDate "2006.??.??"]

1. e4 c5 2. f4 Nc6 3. Nf3 g6 4. d3 Bg7 5. c3 d6 6. Be2 Nf6 7. O-O O-O 8. Nbd2
Ng4 9. Nc4 b5 10. Ne3 b4 11. Qc2 bxc3 12. bxc3 Qa5 13. Nxg4 Bxg4 14. Bd2 Rab8
15. Rab1 Qc7 16. h3 Be6 17. Ng5 Bd7 18. Nf3 Rb6 19. g4 Rfb8 20. Kg2 Qb7 21.
Rxb6 Qxb6 22. Rc1 Qb2 23. f5 Qa3 24. Rb1 Rxb1 25. Qxb1 Bxc3 26. Be3 Qb2 27.
Qxb2 Bxb2 28. Bd1 Nb4 29. fxg6 hxg6 30. Bg5 f6 31. Bb3+ Kg7 32. Bd2 Nxd3 33.
Ba5 Bc6 34. Nd2 Bc1 35. Kf3 f5 36. gxf5 gxf5 37. Bd5 Bxd2 38. Bxd2 fxe4+ 39.
Bxe4 Bxe4+ 40. Kxe4 Nf2+ 41. Kd5 Nxh3 42. Ke6 0-1

[Event "Ostsjaellands EMT 2006"]
[Site "Faxe"]
[Date "2006.03.20"]
[Round "2"]
[White "Nesheim, Erik"]
[Black "Christensen, Torben"]
[Result "1-0"]
[WhiteElo "1223"]
[BlackElo "1333"]
[PlyCount "69"]
[EventDate "2006.??.??"]

1. d4 d5 2. Bf4 c5 3. Nf3 Nf6 4. Bg5 e6 5. e3 Nc6 6. c3 c4 7. Nbd2 Be7 8. Qc2
O-O 9. b3 cxb3 10. axb3 h6 11. Bxf6 Bxf6 12. Bd3 Be7 13. O-O Qd6 14. e4 dxe4
15. Bxe4 Bd7 16. Rfe1 a6 17. Rad1 Rac8 18. Nc4 Qf4 19. Nce5 Nxe5 20. dxe5 Bc6
21. Rd4 Bxe4 22. Rexe4 Qf5 23. Rd7 Bb4 24. c4 b5 25. Qe2 Rc5 26. g4 Qg6 27. h4
f5 28. exf6 Rxf6 29. Rd8+ Kh7 30. h5 Rxh5 31. Ne5 Rxe5 32. Rxe5 Qb1+ 33. Kg2
Qxb3 34. Qe4+ Rg6 35. Rxe6 1-0

[Event "Ostsjaellands EMT 2006"]
[Site "Faxe"]
[Date "2006.03.22"]
[Round "2"]
[White "Nielsen, Poul Erik2"]
[Black "Pedersen, Bjarne G W"]
[Result "1-0"]
[WhiteElo "1241"]
[BlackElo "1072"]
[PlyCount "39"]
[EventDate "2006.??.??"]

1. Nf3 Nc6 2. d4 d5 3. c4 e6 4. a3 Nf6 5. cxd5 exd5 6. Bg5 Be7 7. e3 O-O 8. Bd3
Re8 9. O-O Ne4 10. Bxe7 Nxe7 11. Nc3 Nf5 12. Qc2 Ng5 13. Ne5 Qf6 14. Nxd5 Qd6
15. Nxc7 Nxd4 16. exd4 Qxd4 17. Nxe8 Qxe5 18. Rae1 Qd5 19. Nc7 Qc6 20. Re8+ 1-0

[Event "Ostsjaellands EMT 2006"]
[Site "Faxe"]
[Date "2006.03.22"]
[Round "2"]
[White "Sorensen, Soren"]
[Black "Christoffersen, Per"]
[Result "1-0"]
[WhiteElo "1736"]
[BlackElo "1511"]
[PlyCount "47"]
[EventDate "2006.??.??"]

1. e4 e6 2. d4 d5 3. e5 c5 4. c3 Nc6 5. Bb5 Bd7 6. Bxc6 Bxc6 7. Ne2 Ne7 8. O-O
cxd4 9. cxd4 Nf5 10. Bd2 Qb6 11. Bc3 Be7 12. a4 a5 13. Na3 O-O 14. Nc2 Qb3 15.
Qd2 Bxa4 16. Ne3 Nxe3 17. fxe3 Bb4 18. Rf3 Bb5 19. Nf4 Bxc3 20. bxc3 a4 21. Nh5
g6 22. e4 Kh8 23. Qh6 Rg8 24. Rxf7 1-0

[Event "Ostsjaellands EMT 2006"]
[Site "Faxe"]
[Date "2006.03.22"]
[Round "2"]
[White "Andersen, Hans Poul"]
[Black "Eriksen, Keld"]
[Result "0-1"]
[WhiteElo "1419"]
[BlackElo "1742"]
[PlyCount "50"]
[EventDate "2006.??.??"]

1. e4 d5 2. exd5 Nf6 3. Nc3 Nxd5 4. Be2 Bf5 5. Bf3 c6 6. Nge2 e6 7. a3 Bd6 8.
Nxd5 exd5 9. O-O O-O 10. d3 Qc7 11. g3 Nd7 12. Nd4 Bg6 13. Bd2 Rae8 14. Re1 Ne5
15. Bg2 h6 16. Bc3 a6 17. b4 f5 18. Nb3 f4 19. Bxe5 Bxe5 20. d4 Bd6 21. Nc5
fxg3 22. Rxe8 gxf2+ 23. Kf1 Rxe8 24. Kxf2 Bxh2 25. Qg4 Qe7 0-1

[Event "Ostsjaellands EMT 2006"]
[Site "Faxe"]
[Date "2006.03.22"]
[Round "2"]
[White "Christoffersen, Ib"]
[Black "Toftvang, Ove"]
[Result "1-0"]
[WhiteElo "1382"]
[BlackElo "1257"]
[PlyCount "101"]
[EventDate "2006.??.??"]

1. d4 d5 2. Nc3 Nf6 3. Bf4 c6 4. e3 e6 5. Bd3 Bb4 6. Nge2 O-O 7. Bg5 Be7 8. h3
h6 9. Bh4 Nh7 10. Bxe7 Qxe7 11. Nf4 e5 12. dxe5 Qxe5 13. Bxh7+ Kxh7 14. Qd2 b5
15. O-O-O a5 16. Nd3 Qe7 17. g4 a4 18. a3 Na6 19. Na2 c5 20. c3 Be6 21. Nf4 d4
22. Nxe6 Qxe6 23. Qc2+ Kg8 24. Kb1 Rac8 25. exd4 Qc4 26. dxc5 Rxc5 27. Rd4 Qe6
28. Rhd1 Re5 29. Rd6 Qc8 30. Qd3 f5 31. f4 Rc5 32. Rd7 Rc4 33. Qd5+ Kh8 34.
gxf5 Rc5 35. Qd4 Rg8 36. f6 Kh7 37. fxg7 Rf5 38. Qe4 Qe8 39. Qxf5+ Qg6 40.
Qxg6+ Kxg6 41. R1d6+ Kh5 42. Rxa6 Re8 43. Rd5+ Kh4 44. Rxh6+ Kg3 45. f5 Kf3 46.
f6 Ke4 47. Rd4+ Kf5 48. f7 Re1+ 49. Nc1 Kg5 50. g8=Q+ Kxh6 51. Rh4# 1-0

[Event "Ostsjaellands EMT 2006"]
[Site "Faxe"]
[Date "2006.03.22"]
[Round "2"]
[White "Andersen, Bjarne Hjorth"]
[Black "Wehlast, Svend Erik"]
[Result "1-0"]
[WhiteElo "1783"]
[BlackElo "1516"]
[PlyCount "73"]
[EventDate "2006.??.??"]

1. e4 e6 2. d4 d5 3. Nd2 Ne7 4. Ngf3 b6 5. Bd3 c5 6. dxc5 bxc5 7. exd5 exd5 8.
Bb5+ Nec6 9. O-O Ba6 10. Bxa6 Nxa6 11. Qe2+ Be7 12. Qxa6 Qd7 13. Nb3 O-O 14.
Bf4 c4 15. Nbd4 Nxd4 16. Nxd4 Bf6 17. c3 Bxd4 18. cxd4 Rfe8 19. Rfe1 Re6 20.
Rxe6 fxe6 21. Qd6 Qf7 22. Re1 Re8 23. h3 h5 24. Qc7 Re7 25. Qd6 Re8 26. Re3 Kh7
27. Be5 Rg8 28. Rf3 Qg6 29. Rg3 Qf7 30. Qc7 Qxc7 31. Bxc7 Re8 32. Ra3 Kg6 33.
Rxa7 Kf5 34. Be5 Ke4 35. Ra3 g5 36. g4 c3 37. Rxc3 1-0

[Event "Ostsjaellands EMT 2006"]
[Site "Faxe"]
[Date "2006.03.22"]
[Round "2"]
[White "Voigt, Keld"]
[Black "Jepsen, Finn"]
[Result "1/2-1/2"]
[WhiteElo "1305"]
[BlackElo "1200"]
[PlyCount "148"]
[EventDate "2006.??.??"]

1. e4 e5 2. Bc4 Nc6 3. d3 d6 4. f4 exf4 5. Bxf4 Ne5 6. Bxe5 dxe5 7. Nf3 Bd6 8.
O-O Nf6 9. Nbd2 O-O 10. Bb3 Bg4 11. Qe1 Nh5 12. Nh4 Nf4 13. Kh1 g6 14. Nhf3 Qd7
15. Qh4 Bh5 16. Qg5 Qg4 17. Qxg4 Bxg4 18. h3 Bxf3 19. Rxf3 Kg7 20. Raf1 g5 21.
Kh2 h5 22. g3 g4 23. R3f2 Bc5 24. Rxf4 exf4 25. Rxf4 Be3 26. Rf5 Bxd2 27. e5
Rad8 28. Rxh5 Kg6 29. Rh4 Bg5 30. Rxg4 Kh5 31. Re4 f6 32. e6 Rde8 33. e7 f5 34.
g4+ fxg4 35. hxg4+ Kh4 36. exf8=Q Rxf8 37. Kg2 Rf4 38. Be6 Rxe4 39. dxe4 Bf4
40. Kf3 Kg5 41. c4 c5 42. a3 a5 43. b3 b6 44. a4 Be5 45. Ke2 Bd4 46. Kd3 Kf4
47. Bd7 Be5 48. Bf5 Bd4 49. Ke2 Kg5 50. Kf3 Be5 51. Kg2 Bd4 52. Kh3 Be5 53. Be6
Bd4 54. Kg3 Be5+ 55. Kf3 Bd4 56. e5 Bxe5 57. Ke4 Kf6 58. Kd5 Bc3 59. Bf5 Kg5
60. Kc6 Bb4 61. Kxb6 Kf4 62. Kc6 Kg5 63. Kd5 Ba3 64. Ke4 Bb4 65. Kf3 Ba3 66.
Bc2 Bb4 67. Bd1 Ba3 68. Ke4 Bb4 69. Kd5 Kf4 70. Kc6 Kg5 71. Kb5 Kf4 72. Kc6 Kg5
73. Kd7 Ba3 74. b4 Bxb4 1/2-1/2

[Event "Ostsjaellands EMT 2006"]
[Site "Faxe"]
[Date "2006.03.22"]
[Round "2"]
[White "Hansen, Arne Mandrup"]
[Black "Lillebro, Verner"]
[Result "1/2-1/2"]
[WhiteElo "1371"]
[BlackElo "1226"]
[PlyCount "51"]
[EventDate "2006.??.??"]

1. b3 e5 2. Bb2 Nc6 3. c4 Bc5 4. e3 Nf6 5. a3 a5 6. d3 d6 7. Be2 O-O 8. Nf3 Re8
9. O-O d5 10. cxd5 Qxd5 11. Nc3 Qe6 12. Qc2 h6 13. Nd2 b6 14. Nce4 Be7 15. Bf3
Bb7 16. Rac1 Nd5 17. Nc3 Nxc3 18. Qxc3 Bc5 19. Nc4 f6 20. Nd2 Nd8 21. Bxb7 Nxb7
22. Rfd1 Rad8 23. Qc4 Kh8 24. Qxe6 Rxe6 25. Nf3 Bd6 26. g3 1/2-1/2

[Event "Ostsjaellands EMT 2006"]
[Site "Faxe"]
[Date "2006.03.22"]
[Round "2"]
[White "Jensen, Leif"]
[Black "Eckert, Svend"]
[Result "1-0"]
[WhiteElo "2014"]
[BlackElo "1568"]
[PlyCount "91"]
[EventDate "2006.??.??"]

1. e4 c6 2. Nf3 d5 3. Nc3 g6 4. exd5 cxd5 5. Bb5+ Nc6 6. O-O Bg7 7. d4 a6 8.
Bxc6+ bxc6 9. h3 e6 10. Na4 Nf6 11. Nc5 Nd7 12. Nxd7 Qxd7 13. c3 O-O 14. Bf4
Bb7 15. Qd2 Rac8 16. b4 Ra8 17. Bh6 f6 18. Bxg7 Kxg7 19. a3 a5 20. Rfe1 axb4
21. axb4 Ba6 22. Ra5 Ra7 23. Rea1 Rfa8 24. Qa2 Qb7 25. Nd2 e5 26. Nb3 exd4 27.
Nc5 Qb6 28. cxd4 Qxb4 29. Ra4 Qb5 30. Rxa6 Rxa6 31. Nxa6 Qd3 32. Qa4 Qc3 33.
Qd1 Qc4 34. Nc5 Re8 35. Qc1 Qe2 36. Ra7+ Re7 37. Rxe7+ Qxe7 38. Qe3 Qa7 39. g3
g5 40. Kg2 h5 41. Qe8 g4 42. hxg4 hxg4 43. Ne6+ Kh6 44. Nf4 Qh7 45. Qh5+ Kg7
46. Qxg4+ 1-0

[Event "Ostsjaellands EMT 2006"]
[Site "Faxe"]
[Date "2006.03.22"]
[Round "2"]
[White "Eriksen, Knud Ejler"]
[Black "Hansen, Knud"]
[Result "0-1"]
[WhiteElo "1142"]
[BlackElo "1650"]
[PlyCount "110"]
[EventDate "2006.??.??"]

1. e4 e5 2. Nf3 d6 3. Bc4 Be7 4. O-O Nf6 5. Re1 O-O 6. c3 Nc6 7. h3 h6 8. d4
exd4 9. cxd4 Nh7 10. Qd3 Na5 11. Bb5 Bd7 12. Nc3 a6 13. Bxd7 Qxd7 14. Bd2 b5
15. b3 Nb7 16. b4 c6 17. a3 Rae8 18. Ne2 Bd8 19. Ng3 Bc7 20. Rac1 Rc8 21. Bc3
Nd8 22. Nh4 d5 23. e5 Ne6 24. Ngf5 Bd8 25. Qg3 Bg5 26. Rcd1 Qd8 27. Qg4 g6 28.
Nd6 h5 29. Qe2 Bxh4 30. g3 Be7 31. Nxc8 Qxc8 32. Bd2 Nxd4 33. Qd3 Ne6 34. h4
Ng7 35. Bh6 Re8 36. Kg2 Nf5 37. Bc1 Nf8 38. Bb2 Ne6 39. Rd2 Nxh4+ 40. Kh2 Nf5
41. Kg2 Nh6 42. Rh1 Ng5 43. f3 Ne6 44. Rf2 Bf8 45. Bc1 Nf5 46. Rh3 Qc7 47. f4
a5 48. Qd1 axb4 49. axb4 Nh6 50. f5 Nxf5 51. Rxf5 gxf5 52. Qxh5 Bg7 53. Qh7+
Kf8 54. Bh6 Qxe5 55. Qh8+ Ke7 0-1

[Event "Ostsjaellands EMT 2006"]
[Site "Faxe"]
[Date "2006.03.27"]
[Round "3"]
[White "Christensen, Torben"]
[Black "Pedersen, Bjarne G W"]
[Result "1-0"]
[WhiteElo "1333"]
[BlackElo "1072"]
[PlyCount "53"]
[EventDate "2006.??.??"]

1. d4 Nf6 2. c4 c5 3. d5 d6 4. Nf3 e6 5. Nc3 Be7 6. e3 O-O 7. Bd3 Re8 8. O-O e5
9. h3 g6 10. Nh2 Bf8 11. e4 Bd7 12. Bg5 Bg7 13. Qc2 Na6 14. a3 Nc7 15. f4 Qc8
16. f5 gxf5 17. exf5 a6 18. Rae1 b5 19. Qf2 bxc4 20. Bxf6 Bxf6 21. Qg3+ Kh8 22.
Be4 Rg8 23. Qf3 Bh4 24. Re2 Rg3 25. Qh5 Qd8 26. f6 Bxf6 27. Qxh7# 1-0

[Event "Ostsjaellands EMT 2006"]
[Site "Faxe"]
[Date "2006.03.29"]
[Round "3"]
[White "Lillebro, Verner"]
[Black "Voigt, Keld"]
[Result "0-1"]
[WhiteElo "1226"]
[BlackElo "1305"]
[PlyCount "44"]
[EventDate "2006.??.??"]

1. e4 Nc6 2. Nf3 e5 3. Bb5 Nd4 4. Nxd4 exd4 5. c3 c6 6. Ba4 d3 7. Qf3 Nf6 8.
O-O d5 9. exd5 Nxd5 10. Re1+ Be7 11. Qxd3 O-O 12. Bc2 Nf6 13. Qg3 Bd6 14. Qh4
Re8 15. f3 Bxh2+ 16. Kxh2 Ng4+ 17. Qxg4 Bxg4 18. Rxe8+ Qxe8 19. fxg4 Qe1 20.
Na3 Re8 21. Nc4 Qh4+ 22. Kg1 Re1# 0-1

[Event "Ostsjaellands EMT 2006"]
[Site "Faxe"]
[Date "2006.03.29"]
[Round "3"]
[White "Eriksen, Knud Ejler"]
[Black "Andersen, Hans Poul"]
[Result "1/2-1/2"]
[WhiteElo "1142"]
[BlackElo "1419"]
[PlyCount "66"]
[EventDate "2006.??.??"]

1. e4 e5 2. Nf3 d6 3. Bc4 Be7 4. O-O h6 5. h3 Nf6 6. d3 a6 7. c3 b5 8. Bb3 O-O
9. Be3 Nh7 10. Nbd2 Bb7 11. d4 Nd7 12. a3 Ng5 13. Nxg5 Bxg5 14. Bxg5 Qxg5 15.
f3 exd4 16. cxd4 Qe3+ 17. Kh1 Qxd4 18. Qc2 c5 19. Rad1 Qf6 20. Ba2 c4 21. b3
cxb3 22. Nxb3 Ne5 23. Qc7 Bc6 24. Rxd6 Rfc8 25. Qxc8+ Rxc8 26. Rxf6 gxf6 27.
Rc1 Rd8 28. f4 Nc4 29. Nc5 Ne3 30. Bb1 Rd1+ 31. Rxd1 Nxd1 32. Nxa6 Nf2+ 33. Kh2
Bxe4 1/2-1/2

[Event "Ostsjaellands EMT 2006"]
[Site "Faxe"]
[Date "2006.03.29"]
[Round "3"]
[White "Nielsen, Poul Erik2"]
[Black "Hansen, Egon"]
[Result "0-1"]
[WhiteElo "1241"]
[BlackElo "1541"]
[PlyCount "66"]
[EventDate "2006.??.??"]

1. Nf3 Nf6 2. d4 d5 3. c4 e6 4. a3 c5 5. cxd5 exd5 6. Bg5 Nc6 7. e3 h6 8. Bf4
Qa5+ 9. Nbd2 Bg4 10. Be2 cxd4 11. exd4 Bxf3 12. Bxf3 Nxd4 13. O-O Be7 14. Re1
Qd8 15. Qa4+ Nc6 16. Rad1 O-O 17. Nc4 Qd7 18. Ne3 Rfd8 19. Nxd5 Nxd5 20. Bxd5
Qf5 21. Be4 Qf6 22. Rxd8+ Rxd8 23. Bg3 Bc5 24. b4 Bb6 25. b5 Na5 26. Bh4 Qc3
27. Rf1 Rd4 28. Qc2 Qxc2 29. Bxc2 Rxh4 30. Re1 g6 31. g3 Rd4 32. Re2 Kg7 33.
Re7 Rd2 0-1

[Event "Ostsjaellands EMT 2006"]
[Site "Faxe"]
[Date "2006.03.29"]
[Round "3"]
[White "Eriksen, Keld"]
[Black "Jensen, Leif"]
[Result "1/2-1/2"]
[WhiteElo "1742"]
[BlackElo "2014"]
[PlyCount "65"]
[EventDate "2006.??.??"]

1. e4 e6 2. d4 d5 3. Nc3 dxe4 4. Nxe4 Nd7 5. Nf3 Ngf6 6. Nxf6+ Nxf6 7. Bg5 Be7
8. Be2 O-O 9. O-O b6 10. c3 Bb7 11. Ne5 Ne4 12. Bxe7 Qxe7 13. Bf3 Nd6 14. Bxb7
Nxb7 15. Qh5 Nd6 16. f4 Rfc8 17. Nc6 Qe8 18. Qf3 Nc4 19. Rf2 Nd6 20. Re1 Qd7
21. Ne5 Qd8 22. Nc6 Qd7 23. d5 Re8 24. dxe6 fxe6 25. Rfe2 Rac8 26. a4 a5 27. b4
axb4 28. cxb4 Nf5 29. Qe4 g6 30. b5 Qd6 31. Qb4 Qxb4 32. Nxb4 Rcd8 33. Nc6
1/2-1/2

[Event "Ostsjaellands EMT 2006"]
[Site "Faxe"]
[Date "2006.03.29"]
[Round "3"]
[White "Jepsen, Finn"]
[Black "Hansen, Arne Mandrup"]
[Result "0-1"]
[WhiteElo "1200"]
[BlackElo "1371"]
[PlyCount "66"]
[EventDate "2006.??.??"]

1. Nf3 Nf6 2. d4 e6 3. c4 b6 4. Nc3 Bb4 5. a3 Bxc3+ 6. bxc3 Bb7 7. Bf4 d6 8. h3
O-O 9. e3 Nbd7 10. Be2 Ne4 11. Rc1 f5 12. O-O Ndf6 13. Bg5 Qe8 14. Bxf6 Nxf6
15. Nh2 Ne4 16. d5 Kh8 17. Bf3 Qf7 18. Bxe4 fxe4 19. f3 exd5 20. fxe4 Qe7 21.
cxd5 Qxe4 22. Qd4 Qe7 23. Ng4 Kg8 24. e4 Bc8 25. Rce1 Bxg4 26. hxg4 Rae8 27. c4
Rxf1+ 28. Kxf1 Rf8+ 29. Kg1 Rf4 30. Qe3 Rxg4 31. Qf3 Rg6 32. Qf5 Rf6 33. Qg5
Rf1+ 0-1

[Event "Ostsjaellands EMT 2006"]
[Site "Faxe"]
[Date "2006.03.29"]
[Round "3"]
[White "Eckert, Svend"]
[Black "Christoffersen, Ib"]
[Result "1-0"]
[WhiteElo "1568"]
[BlackElo "1382"]
[PlyCount "80"]
[EventDate "2006.??.??"]

1. c4 e5 2. Nc3 Nf6 3. e3 Nc6 4. d4 Bb4 5. d5 Ne7 6. Bd2 d6 7. Qa4+ Nd7 8. Qxb4
b6 9. a4 a5 10. Qa3 Ng6 11. Bd3 Nh4 12. g3 Ng6 13. e4 O-O 14. Nb5 Nf6 15. f3
Bd7 16. Bg5 Bxb5 17. cxb5 h6 18. Bd2 Nd7 19. b4 Qc8 20. Rc1 Ra7 21. bxa5 bxa5
22. Be3 Rb7 23. Ne2 Qd8 24. O-O Ne7 25. Rc4 f5 26. Rfc1 f4 27. gxf4 exf4 28.
Bd4 Ng6 29. Kh1 Nh4 30. Rg1 Rf7 31. Bc2 Nf8 32. Qc3 Qd7 33. Rg4 Nfg6 34. Rc6
Qe7 35. Ra6 Ne5 36. Bxe5 dxe5 37. Bb3 Qb4 38. Rxh4 Qxc3 39. Nxc3 Rd7 40. d6+
Kf8 1-0

[Event "Ostsjaellands EMT 2006"]
[Site "Faxe"]
[Date "2006.03.29"]
[Round "3"]
[White "Refsgaard, Kaj"]
[Black "Hansen, Knud"]
[Result "1-0"]
[WhiteElo "1785"]
[BlackElo "1650"]
[PlyCount "131"]
[EventDate "2006.??.??"]

1. d4 Nf6 2. Bg5 e6 3. Nf3 Be7 4. e3 O-O 5. Bd3 h6 6. Bh4 b6 7. O-O Bb7 8. Nbd2
d5 9. Rc1 Nbd7 10. c4 c5 11. Bb1 Ne4 12. Bg3 Rc8 13. Nxe4 dxe4 14. Nd2 f5 15.
dxc5 Nxc5 16. Qe2 Qe8 17. b4 Nd7 18. a3 Nf6 19. Ba2 Kh8 20. Be5 Nd7 21. Bg3 Bf6
22. Rc2 Qe7 23. Rfc1 Rfe8 24. Nb3 e5 25. c5 bxc5 26. bxc5 Nb8 27. Qh5 Qd7 28.
Rd2 Qa4 29. Qxf5 Qxa3 30. Rcd1 Qb4 31. Qh5 Nc6 32. h3 Ba6 33. Rd6 Rf8 34. Qg6
Bd3 35. Nc1 Qxc5 36. Rd5 Qa3 37. Nxd3 exd3 38. Bb1 Ne7 39. Qxd3 Qxd3 40. R5xd3
Nc6 41. Rd7 a5 42. Be4 Nb4 43. Ra7 Rfd8 44. Ra1 Rc5 45. R7xa5 Rxa5 46. Rxa5 Kg8
47. Bxe5 Bxe5 48. Rxe5 Na6 49. Kh2 Nc7 50. Kg3 Ne8 51. f4 Nf6 52. Kf3 Kf8 53.
g4 Re8 54. Rxe8+ Nxe8 55. Bc6 Nd6 56. e4 Ke7 57. e5 Nc4 58. Ke4 g6 59. f5 gxf5+
60. gxf5 Nd2+ 61. Kf4 Nc4 62. Bd5 Nb6 63. f6+ Kf8 64. Ba2 Nd7 65. Kf5 Nc5 66.
e6 1-0